=LDR 00000nam 2200000 4500 =001 INLIS000000000039117 =005 20130612144752 =008 ***********************************ind** =035 ##$$0010-061300000039117 =041 ##$$a ind =082 ##$$a 634.9 =090 ##$$a 634.9, Ros b =100 ##$$a roslinda, Emi =245 ##$$a Buku ajar mata Kuliah Hutan kemasyarakatan =650 ##$$a Buku Ajar =850 ##$$a NBPNMAT